000 00563nam a22001457a 4500
003 OSt
005 20160310102956.0
008 160310b xxu||||| |||| 00| 0 eng d
040 _cRUA
082 _aLMA ROS 2014 B467 Or.1
100 _97884
_aROS KIRA; រស់ គីរ៉ា
245 _aStudy on public display procedure of cadastral document in bb 01 order, សិក្សាពីដំណើរការបិទផ្សាយជាសាធារណៈនៃឯកសារសុរិយោដី
300 _aix,44p.
_bill.
_c29cm.
942 _2ddc
_cLMA
999 _c7479
_d7479